[Event "Ungdoms-DM U19 2025"]
[Site "Odense"]
[Date "2025.09.28"]
[Round "4"]
[White "Haakonsen, Magnus"]
[Black "Hansen, Peter Skov"]
[Result "1-0"]
[WhiteElo "1971"]
[BlackElo "1550"]
[WhiteFideId "1485261"]
[BlackFideId ""]
[EventDate "2025.09.26"]
[EventType "swiss"]
[EventRounds "5"]
[EventCountry "DEN"]
[SourceTitle "Turneringssystemet"]

1. e4 c6 2. d4 d5 3. e5 c5 4. Nf3 e6 5. c3 Nc6 6. a3 Qb6 7. b4 cxb4 8. axb4 Bd7 9. Bd3 Nge7 10. O-O Nf5 11. Nbd2 Qd8 12. Nb3 b6 13. b5 Na5 14. Nxa5 bxa5 15. Qa4 Be7 16. Bd2 O-O 17. Qxa5 Qc8 18. Rfb1 f6 19. Qa2 Qb7 20. Qc2 fxe5 21. Nxe5 Be8 22. g4 Nh4 23. Bxh7+ Kh8 24. Bd3 Bd7 25. f4 g5 26. fxg5 Kg7 27. Be2 Bd6 28. Be1 Ng6 29. Qxg6+ Kh8 30. Nf7+ Rxf7 31. Qxf7 Rf8 32. Qg6 Be8 33. Qh6+ Kg8 34. g6 Bf4 35. Qh7+ Qxh7 36. gxh7+ Kxh7 37. Rxa7+ Kg8 38. Bd3 Be3+ 39. Kg2 Rf4 40. b6 Bc6 41. b7 1-0

[Event "Ungdoms-DM U19 2025"]
[Site "Odense"]
[Date "2025.09.28"]
[Round "4"]
[White "Skaelbaek, Noah"]
[Black "Tong, Daniel Gjerlev"]
[Result "1/2-1/2"]
[WhiteElo "1970"]
[BlackElo "1915"]
[WhiteFideId "1470604"]
[BlackFideId "1486799"]
[EventDate "2025.09.26"]
[EventType "swiss"]
[EventRounds "5"]
[EventCountry "DEN"]
[SourceTitle "Turneringssystemet"]

1. e4 c6 2. d4 d5 3. f3 dxe4 4. fxe4 e5 5. Nf3 Bg4 6. Bc4 Nd7 7. O-O Ngf6 8. c3 Bd6 9. Qb3 O-O 10. Ng5 Bh5 11. g4 b5 12. gxh5 bxc4 13. Qxc4 Qc7 14. Qe2 h6 15. Nf3 Rfe8 16. Qg2 Kh8 17. Nbd2 Nxh5 18. Nc4 Re6 19. Nh4 Ndf6 20. Nf5 Rae8 21. Ncxd6 Rxd6 22. Nxd6 Qxd6 23. dxe5 Rxe5 24. Kh1 Rxe4 25. Rg1 Rh4 26. Qf2 Qd5+ 27. Rg2 Qe4 28. Qe3 Qf5 29. Kg1 Re4 30. Qf2 Qe5 31. Bd2 Ng4 32. Qf3 Ne3 33. Bxe3 Rxe3 34. Qxf7 Nf4 35. Rf2 Nh3+ 36. Kf1 Nxf2 37. Qxf2 Qe4 38. Kg1 Re2 39. Qg3 Re3 40. Qf2 Rf3 41. Re1 Rxf2 42. Rxe4 1/2-1/2

[Event "Ungdoms-DM U19 2025"]
[Site "Odense"]
[Date "2025.09.28"]
[Round "5"]
[White "Saugmann, Frederik Chabert"]
[Black "Wahlgreen, Noah Krug"]
[Result "0-1"]
[WhiteElo "2137"]
[BlackElo "2072"]
[WhiteFideId "1476122"]
[BlackFideId "1457349"]
[EventDate "2025.09.26"]
[EventType "swiss"]
[EventRounds "5"]
[EventCountry "DEN"]
[SourceTitle "Turneringssystemet"]

1. d4 d5 2. Nf3 e6 3. g3 Nf6 4. Bg2 Be7 5. O-O O-O 6. b3 c5 7. e3 Nc6 8. Bb2 cxd4 9. exd4 b6 10. Ne5 Bb7 11. Nd2 Qc7 12. Rc1 Rac8 13. f4 Nd7 14. Ndf3 Ndxe5 15. fxe5 Nb4 16. a3 Na2 17. Ra1 Nc3 18. Qd3 b5 19. Bxc3 Qxc3 20. Qxb5 Rc7 21. Ra2 Qe3+ 22. Kh1 Rfc8 23. Re1 Qc3 24. Qe2 a5 25. a4 Rc6 26. Rd1 Ba6 27. Qf2 g6 28. g4 Bf8 29. Bf1 Bh6 30. g5 Bf8 31. h4 h5 32. Kh2 Bxf1 33. Rxf1 Bb4 34. Rd1 Be7 35. Ng1 Qb4 36. Rf1 Rf8 37. Ne2 Bd8 38. Qe3 Bb6 39. Qd3 Rfc8 40. Rb1 Rc3 41. Qd1 Re3 42. Kg2 Rcc3 43. Qe1 Bxd4 44. Rd1 Bxe5 45. Rd3 Qg4+ 0-1

[Event "Ungdoms-DM U19 2025"]
[Site "Odense"]
[Date "2025.09.28"]
[Round "5"]
[White "Pihl, William"]
[Black "Haakonsen, Magnus"]
[Result "1-0"]
[WhiteElo "2128"]
[BlackElo "1971"]
[WhiteFideId "1467310"]
[BlackFideId "1485261"]
[EventDate "2025.09.26"]
[EventType "swiss"]
[EventRounds "5"]
[EventCountry "DEN"]
[SourceTitle "Turneringssystemet"]

1. Nf3 Nf6 2. b3 d5 3. Bb2 Bf5 4. e3 c5 5. Ne5 Nc6 6. Bb5 Qc7 7. O-O e6 8. d3 Bd6 9. f4 O-O 10. Bxc6 bxc6 11. g4 Bg6 12. Qf3 Ne8 13. Qg3 f6 14. Nxg6 hxg6 15. g5 fxg5 16. Qxg5 Qf7 17. Be5 Qf5 18. Qxf5 gxf5 19. Nc3 Bxe5 20. fxe5 Nc7 21. Ne2 g5 22. Kf2 Kf7 23. Rg1 Rh8 24. Rg2 Rh3 25. Rag1 g4 26. Nf4 Rf3+ 27. Ke2 d4 28. Rg3 Rh8 29. Rxf3 gxf3+ 30. Kxf3 Rxh2 31. Rg2 Rxg2 32. Nxg2 Nd5 33. exd4 cxd4 34. a3 c5 35. Nh4 Ne3 36. c3 Ng4 37. cxd4 cxd4 38. Kf4 Nf2 39. Nf3 Nxd3+ 40. Kg5 Nxe5 41. Nxe5+ 1-0

[Event "Ungdoms-DM U19 2025"]
[Site "Odense"]
[Date "2025.09.28"]
[Round "5"]
[White "Iskos, Lukas"]
[Black "Slavensky, Asbjorn Vesterkaer"]
[Result "1-0"]
[WhiteElo "2093"]
[BlackElo "2099"]
[WhiteFideId "1461613"]
[BlackFideId "1470094"]
[EventDate "2025.09.26"]
[EventType "swiss"]
[EventRounds "5"]
[EventCountry "DEN"]
[SourceTitle "Turneringssystemet"]

1. d4 Nf6 2. Bf4 g6 3. Nf3 Bg7 4. c4 c5 5. e3 O-O 6. Nc3 cxd4 7. exd4 d6 8. Bd3 Bg4 9. h3 Bxf3 10. Qxf3 Nc6 11. Be3 Qb6 12. Ne2 Qxb2 13. Rb1 Qa3 14. Bd2 Qxa2 15. Qe3 e5 16. d5 Nd4 17. O-O Nxe2+ 18. Bxe2 Qa4 19. Rxb7 Rfb8 20. Rfb1 Nd7 21. R1b4 Qa1+ 22. Kh2 Rxb7 23. Rxb7 Nc5 24. Rb5 e4 25. Ra5 Qe5+ 26. Kg1 Qb2 27. Rb5 Qa1+ 28. Bf1 Bd4 29. Qg3 Nd3 30. Be3 Be5 31. Qh4 Re8 32. Rb7 Bf6 33. Qg4 Qa4 34. Rxa7 Qxc4 35. Qd7 Rf8 36. Bh6 Bg7 37. Bxg7 Kxg7 38. Qxd6 Qd4 39. Ra2 e3 40. Bxd3 exf2+ 41. Rxf2 Qxd3 42. Qe5+ Kg8 43. d6 Rd8 44. Rf6 Qd1+ 45. Kh2 h5 46. Qe7 Rf8 47. d7 Qd4 48. Rxf7 Rxf7 49. d8=Q+ Qxd8 50. Qxd8+ Kg7 51. Qd4+ Kh7 52. g4 hxg4 53. hxg4 Rb7 54. Kg3 Rg7 55. Kf4 Rg8 56. Kg5 Rg7 57. Qd6 Kh8 58. Kh6 1-0

[Event "Ungdoms-DM U19 2025"]
[Site "Odense"]
[Date "2025.09.28"]
[Round "5"]
[White "Balle, Anders Sullestad"]
[Black "Pirtac, Alexandru"]
[Result "0-1"]
[WhiteElo "1885"]
[BlackElo "1963"]
[WhiteFideId "1479091"]
[BlackFideId "13912143"]
[EventDate "2025.09.26"]
[EventType "swiss"]
[EventRounds "5"]
[EventCountry "DEN"]
[SourceTitle "Turneringssystemet"]

1. e4 c5 2. Nf3 e6 3. d4 cxd4 4. Nxd4 Nf6 5. Nc3 Nc6 6. Nxc6 bxc6 7. e5 Nd5 8. Ne4 Qc7 9. f4 Qb6 10. c4 Bb4+ 11. Ke2 f5 12. exf6 Nxf6 13. Be3 Qd8 14. Nd6+ Bxd6 15. Qxd6 Bb7 16. Re1 c5 17. Qxc5 Rc8 18. Qb4 Qc7 19. Kd1 Rf8 20. Bd3 Bxg2 21. Rhg1 Bf3+ 22. Be2 Nd5 23. Qd2 Nxe3+ 24. Qxe3 Qxc4 25. Qc3 Qd5+ 26. Qd2 Bxe2+ 27. Rxe2 Qxa2 28. Ke1 Rc4 29. Rxg7 Qb1+ 30. Kf2 Rcxf4+ 31. Kg3 Rf3+ 32. Kh4 R8f4+ 33. Rg4 Rxg4+ 34. Kxg4 Qf5+ 0-1

[Event "Ungdoms-DM U19 2025"]
[Site "Odense"]
[Date "2025.09.28"]
[Round "5"]
[White "Kushyk, Denys"]
[Black "Li, Kevin"]
[Result "0-1"]
[WhiteElo "1996"]
[BlackElo "1854"]
[WhiteFideId "34149066"]
[BlackFideId "1480570"]
[EventDate "2025.09.26"]
[EventType "swiss"]
[EventRounds "5"]
[EventCountry "DEN"]
[SourceTitle "Turneringssystemet"]

1. e4 c6 2. d4 d5 3. exd5 cxd5 4. Bd3 Nc6 5. c3 Qc7 6. h3 e5 7. dxe5 Nxe5 8. Nf3 Nxd3+ 9. Qxd3 Be6 10. Be3 Nf6 11. Nbd2 Bd6 12. Nd4 a6 13. a4 O-O 14. O-O Rac8 15. Rfe1 h6 16. Nf5 Bxf5 17. Qxf5 Qd7 18. Qf3 Rc6 19. Nb3 Ne4 20. Rad1 Re8 21. Kh1 Bb8 22. Nd2 Rf6 23. Qg4 Qc7 24. g3 Rg6 25. Qf3 Nxg3+ 26. Kg2 Ne4+ 27. Kf1 Ree6 28. Qf5 Ng3+ 29. fxg3 Ref6 30. Qxf6 Rxf6+ 31. Ke2 Qxg3 32. Bd4 Re6+ 33. Kf1 Qxh3+ 0-1

[Event "Ungdoms-DM U19 2025"]
[Site "Odense"]
[Date "2025.09.28"]
[Round "5"]
[White "Hansen, Peter Skov"]
[Black "Tong, Daniel Gjerlev"]
[Result "0-1"]
[WhiteElo "1550"]
[BlackElo "1915"]
[WhiteFideId ""]
[BlackFideId "1486799"]
[EventDate "2025.09.26"]
[EventType "swiss"]
[EventRounds "5"]
[EventCountry "DEN"]
[SourceTitle "Turneringssystemet"]

1. e4 c6 2. d4 d5 3. e5 c5 4. dxc5 e6 5. a3 Bxc5 6. Nf3 Nc6 7. b4 Be7 8. Bb2 Nh6 9. Bd3 f6 10. Qe2 a6 11. Nbd2 Nf7 12. Nb3 Qc7 13. exf6 Bxf6 14. Bxf6 gxf6 15. Nc5 e5 16. Nh4 Nd4 17. Qd1 b6 18. Na4 Bd7 19. c3 Bxa4 20. Qxa4+ b5 21. Qd1 Qxc3+ 22. Kf1 e4 23. Be2 Nxe2 24. Kxe2 Qc4+ 25. Ke3 Qc3+ 26. Ke2 Qe5 27. g3 Nd6 28. Re1 Nc4 29. Nf3 Qh5 30. Kf1 O-O-O 31. Nh4 Qxd1 32. Rexd1 Rd7 33. Nf5 h5 34. Rxd5 Rxd5 35. Ne7+ Kb7 36. Nxd5 f5 37. Ne3 Nxe3+ 38. fxe3 h4 39. Kf2 h3 40. Ke2 Rc8 41. Kd2 Rd8+ 42. Ke2 Rd3 43. Ra2 Kb6 44. Ra1 a5 45. bxa5+ Kxa5 46. Rf1 Rxa3 47. Rxf5 Ra2+ 48. Kf1 Rxh2 49. Kg1 Rg2+ 50. Kh1 Rxg3 51. Rf2 Rxe3 52. Rh2 Re1# 0-1